Central Library OPAC University of Rajshahi

Farm size, Land Tenure and Landuse in Puthia Thana : (Record no. 84054)

MARC details
000 -LEADER
fixed length control field 00973nam a2200253 a 4500
001 - CONTROL NUMBER
RUCL Control Number 84054
003 - CONTROL NUMBER IDENTIFIER
rucl marc code BD-RjUL
005 - DATE AND TIME OF LATEST TRANSACTION
control field 20241001100908.0
008 - FIXED-LENGTH DATA ELEMENTS--GENERAL INFORMATION
fixed length control field 241001s2002 bg a|||| m||| 00| 0 eng d
035 ## - SYSTEM CONTROL NUMBER
system control number (BD-RjUL)84054
040 ## - CATALOGING SOURCE
Original cataloging agency BD-RjUL
Language of cataloging eng
Transcribing agency BD-RjUL
Modifying agency BD-RjUL
041 ## - LANGUAGE CODE
Language code of Book eng
082 ## - DEWEY DECIMAL CLASSIFICATION NUMBER
DDC Edition number 23
Classification number 915.4924
Author mark and Year REF 2002
100 ## - MAIN ENTRY--PERSONAL NAME
Personal name Refakatullah, Md.
9 (RLIN) 13639
245 10 - TITLE STATEMENT
Title Farm size, Land Tenure and Landuse in Puthia Thana :
Remainder of title Geographical Analysis /
Statement of responsibility, etc By Md. Refakatullah ;
Name of Supervisor/Co-Supervisor Supervisor : Jafar Reza Khan, Supervisor : Md. Zahidul Hassan
260 ## - PUBLICATION, DISTRIBUTION, ETC. (IMPRINT)
Place of publication, distribution, etc Rajshahi :
Name of publisher, distributor, etc Department of Geogoraphy, University of Rajshahi,
Date of publication, distribution, etc 2002
300 ## - PHYSICAL DESCRIPTION
Pagination xi, 229 Leaves :
Other physical details ill, ;
Dimensions 29 cm.
502 ## - DISSERTATION NOTE
Dissertation note Thesis (M. Phil.) -- Department of Geogoraphy, University of Rajshahi, 2002
504 ## - BIBLIOGRAPHY, ETC. NOTE
Bibliography, etc References : Leaves 185-193
650 ## - SUBJECT ADDED ENTRY--TOPICAL TERM
Topical term or geographic name as entry element Geogoraphy
Form subdivision Farm size
9 (RLIN) 13640
700 ## - ADDED ENTRY--SUPERVISOR/CO-SUPERVISOR NAME
Personal name Khan, Jafar Reza, Supervisor
Personal name Hassan, Md. Zahidul, Supervisor
9 (RLIN) 1563
942 ## - ADDED ENTRY ELEMENTS (KOHA)
Source of classification or shelving scheme Dewey Decimal Classification
Koha item type Theses
Holdings
Source of classification or shelving scheme Damaged status Not for loan Collection code Permanent Location Current Location Shelving location Date of accession Source of acquisition Total Checkouts Full call number Barcode Date last seen Copy number Thesis
Dewey Decimal Classification   Not For Loan Theses Central Library, University of Rajshahi Central Library, University of Rajshahi Documentation Section 22/06/2003 Controller of Exam. R.U.   THE 915.4924 REF 2002 D2174 01/10/2024 C-I Theses